000
00300nam a22001217a 4500
008
180607b xxu||||| |||| 00| 0 eng d
041
_a
eng
080
_a
043.3
100
_a
0
101
_a
MBE-BTH
245
_a
Rëndësia e marketingut në zhvillimin e sektorit privatë
_c
Riza,D
942
_2
udc
_c
BK
999
_c
46528
_d
46528